[Event "World Junior U20 Open 2018"]
[Site "Gebze"]
[Date "2018.09.10"]
[Round "6.26"]
[White "Gavrilescu, David"]
[Black "Wadsworth, Matthew J"]
[Result "1/2-1/2"]
[WhiteElo "2470"]
[BlackElo "2351"]
[Annotator "TA"]
[PlyCount "134"]
[EventDate "2018.09.05"]
[EventType "swiss"]
[EventCountry "TUR"]
[SourceTitle "playchess.com"]
[Source "ChessBase"]
[SourceQuality "1"]

{[%evp 16,134,15,10,64,65,89,13,18,18,18,22,20,18,11,-43,-55,-61,-96,-129,-114,-1372,-186,-179,-162,-182,-185,-196,-183,-191,-189,-180,-189,-259,-184,-178,-164,-237,-242,-233,-214,-217,-90,-95,-97,-97,-103,-95,-89,-93,-83,-213,-210,-195,-112,-197,-118,-167,-187,-214,-215,-310,-300,-300,-228,-278,-227,-234,-227,-233,-234,-233,-234,-234,-234,-234,-227,-377,-227,-263,-361,-345,-256,-437,-377,-234,-231,-231,-231,-231,-224,-223,0,-10,0,0,0,0,0,0,0,0,0,0,0,0,0,0,0,-456,-458,-385,-21,-44,0,-80,-80,-80,0,0,0]} 1. e4 e6 2. d4 d5 3. Nd2 Nf6 4. e5 Nfd7 5. f4 c5 6. Ngf3 Nc6 7. Nb3 {C05: French Tarrasch: 3...Nf6 4 e5 Nfd7, 5 f4 and 5 Bd3 sidelines} c4 8. Nbd2 h6 (8... b5 9. Be2 Nb6 10. Nf1 h5 11. Ne3 Bd7 12. O-O Be7 13. b3 g6 14. Bd2 a6 15. Be1 Qc7 16. h3 O-O-O 17. a4 Kb7 18. Qb1 Na7 19. a5 {1-0 (19) Ponomariov,R (2742)-Ivanchuk,V (2755) Thessaloniki 2013 CBM 155 [CB]}) 9. Be2 {LiveBook: 5 Games} g5 (9... Be7 $11) 10. Nf1 $14 {[%cal Rf4g5]} Be7 $146 ({Predecessor:} 10... g4 11. Ng1 Rg8 12. h3 gxh3 13. g3 Qa5+ 14. c3 b5 {1-0 (31) Gavrilescu,D (2436)-Nastase,R (2330) Calimanesti Caciulata 2018}) 11. fxg5 (11. c3 $16) 11... hxg5 $11 12. Ne3 f5 $1 13. exf6 Nxf6 14. Nxg5 Qd6 15. Nf3 (15. Ng4 $11 Nxg4 16. Bxg4 Qg3+ 17. hxg3 Rxh1+ 18. Ke2 Rxd1 19. Kxd1) 15... Bd7 $15 {[%mdl 1024] Black has compensation.} 16. c3 $1 O-O-O 17. g3 Ne4 18. Ng2 $2 {[%mdl 8192] [#]} (18. Rg1 $17) 18... e5 $2 (18... Rxh2 $1 {[%mdl 512]} 19. Bf4 (19. Nxh2 Qxg3+) 19... Rxh1+ 20. Bf1 Nxg3 21. Bxd6 Rxf1+ 22. Kd2 Rxd1+ 23. Rxd1 Bxd6) 19. dxe5 $19 Nxe5 20. Nxe5 Qxe5 21. Bf4 Qe6 $1 22. Qc2 Bd6 $1 23. O-O-O Nf2 $1 {[%csl LRd1,LRh1]} 24. Bf3 (24. Bxd6 {was called for.} Qxd6 25. Bf3 Nxh1 26. Nf4) 24... Nxd1 (24... Nxh1 25. Bxd6 Qxd6 26. Nf4 $19) 25. Qxd1 Bxf4+ 26. Nxf4 (26. gxf4 $142 Rh3 27. Re1) 26... Qe3+ 27. Kb1 Bf5+ 28. Ka1 Be4 (28... d4 $19 {and Black stays clearly on top.} 29. Nd5 Rxd5 $1 {[%mdl 512]} 30. Bxd5 dxc3) 29. Bg4+ $17 Kb8 30. Re1 Qb6 31. Qd2 Rd6 32. h3 Rhd8 $40 {[%mdl 128] Black is out for blood.} 33. Ne2 (33. Qe3 $17) 33... Qf2 $19 34. Rd1 Ka8 (34... Rf8 $19 35. Qg5 Ka8) 35. Qg5 (35. Qf4 $17 Qxf4 36. Nxf4) 35... Bf3 ({Better is} 35... Rf8 $19 36. Qc1 a6) 36. Bxf3 Qxf3 37. Qe5 {[#]} d4 $1 {[%mdl 512]} 38. cxd4 {[#]} (38. Rb1 {keeps fighting.} dxc3 39. Nxc3) 38... Rxd4 $1 {[%mdl 512]} 39. Rb1 (39. Rxd4 Qf1+) 39... Qe4 40. Qh5 Rd1 {[%csl Ge4][%cal Rd1b1]} 41. Nc3 Rxb1+ 42. Nxb1 {[%mdl 4096] Endgame KQR-KQN} a6 43. a3 Qc2 44. Nc3 Rf8 {( -> ...Rf1+)} 45. Nb1 Qb3 46. Qc5 (46. Qd5 $142) 46... Re8 47. g4 Re2 {[%csl Ge2][%cal Rb3b2]} 48. Qd4 Rc2 ({And not} 48... Qxh3 49. Qd8+ Ka7 50. Qd4+ b6 51. Qd7+ Ka8 52. Qd5+ Kb8 53. Qd8+ Kb7 54. Qd7+ Kb8 55. Qd8+ Kb7 56. Qd7+ Kb8 57. Qd8+ $11) 49. g5 $2 (49. h4) 49... Rc1 ({Less strong is} 49... c3 50. Qh8+ Ka7 51. Qd4+ Qb6 52. Qxb6+ Kxb6 53. Nxc3 $19) 50. Qf4 Qd1 51. Qf8+ Ka7 52. Qc5+ Kb8 $1 53. Qe5+ Kc8 $2 ({Black should try} 53... Ka8 $19 54. Qf5 Qd4) 54. Qf5+ $1 $11 Kd8 55. g6 $1 {[%cal Rg6g7]} Qf1 56. Qd5+ Kc7 57. Qc5+ Kd7 58. Qd4+ Ke6 59. Ka2 Qd1 60. Qb6+ Kf5 {White must now prevent ...Qb3+!} 61. Qf2+ ({But not} 61. g7 Qb3+ 62. Ka1 Qxb6 $17) 61... Kxg6 {Threatens to win with ...Qb3+.} 62. Qg3+ $2 {[%mdl 8192]} (62. Qb6+ $1 $11 {and White is okay.} Kh5 63. Qc5+ Kh4 64. Qf2+ Kg5 65. Qe3+ Kf6 66. Qb6+ Kf5 67. Qc5+ Kf6 68. Qb6+ Kf5 69. Qf2+ Ke4 70. Nc3+ Rxc3 71. Qh4+ Ke3 72. Qg3+ Qf3 73. Qe1+ Kd4 74. bxc3+ Qxc3 75. Qg1+ Qe3 76. Qg7+ Kd3 77. Qxb7) 62... Kf6 $1 $19 63. Qf2+ Kg5 $2 (63... Ke7 $19 {aiming for ...Qb3+.} 64. Qe3+ Kd7) 64. Qg3+ $11 Kh5 {Strongly threatening ...Qb3+!} (64... Kf5 $5 {[%cal Rd1b3]} 65. Qf2+ Ke4 66. Nc3+ Rxc3 $1 {[%mdl 512]} 67. Qh4+ Ke3 68. Qg3+ Qf3 69. Qe1+ Kd4 70. bxc3+ Qxc3 71. Qg1+ Qe3 72. Qg7+ Kd3 73. Qxb7 Qd2+ 74. Kb1 Qc2+ 75. Ka1 Qc3+ 76. Kb1 Qc2+ 77. Ka1 Qc3+ 78. Kb1 Qc2+ $17) 65. Qf4 {[#]} (65. Qe5+ $11 Kh4 66. Qf4+ Kxh3 67. Qe3+ Kg2 68. Qg5+ Kh1 69. Qh4+ Kg2 70. Qg5+ Kh3 71. Qe3+ Kh4 72. Qh6+ Kg3 73. Qe3+ Kh2 74. Qf4+ Kg2 75. Qg5+) 65... Qb3+ $1 $17 66. Ka1 Rd1 (66... Qc2 $17 {[%csl Gc1][%cal Rc2b1]} 67. Qg4+ Kh6 68. Qe6+ Kg5 69. Qe5+ Qf5 70. Qe3+ Qf4 71. Qe7+ Qf6 72. Qe3+ Qf4 73. Qe7+ Qf6) 67. Qf5+ $11 Kh6 {Precision: White = 52%, Black = 62%.} 1/2-1/2

[Event "World Junior U20 Open 2018"]
[Site "Gebze"]
[Date "2018.09.10"]
[Round "6.27"]
[White "Barseghyan, Harutyun"]
[Black "Tuncer, Tuna"]
[Result "1-0"]
[WhiteElo "2466"]
[BlackElo "2342"]
[Annotator "TA"]
[PlyCount "62"]
[EventDate "2018.09.05"]
[EventType "swiss"]
[EventCountry "TUR"]
[SourceTitle "playchess.com"]
[Source "ChessBase"]
[SourceQuality "1"]

{[%evp 15,62,25,20,30,41,30,36,32,39,31,41,41,57,54,85,83,197,200,191,148,158,144,149,144,156,147,141,110,274,273,267,270,254,245,497,486,699,697,835,818,29991,29992,29992,29990,29990,29991,29991,1624,29993]} 1. d4 {Wojtaszek,R} Nf6 2. c4 g6 3. Nc3 d5 4. Bf4 Bg7 5. e3 O-O 6. Rc1 Be6 {D83: Grünfeldindisch (4.Lf4)} 7. c5 c6 8. Bd3 Bg4 {LiveBook: 4 Partien. Weiß hat minimalen Vorteil.} 9. Nge2 Nfd7 $146 ({Vorgänger:} 9... Re8 10. f3 Bc8 11. O-O Nbd7 12. Bg5 e5 13. b4 Nf8 14. Bh4 {1-0 (46) Wojtaszek,R (2733)-Vachier Lagrave,M (2731) Biel 2015 CBM 168 [Wojtaszek,R]}) 10. Bg5 {[%cal Bf4g5,Bg5h4,Bh4g3][%mdl 32]} f6 {[#] Und weiter mit ...Lxe2 wäre nett.} 11. Bh4 e5 12. h3 Be6 13. O-O g5 14. Bg3 $36 {[%mdl 2048] Weiss drückt.} Qe8 15. e4 dxe4 (15... f5 $16) 16. Nxe4 $18 Qe7 17. dxe5 {Sd4 ist eine echte Drohung.} f5 18. Nf6+ Nxf6 19. exf6 Qxf6 {Mit der Idee ...f4.} 20. Bd6 Re8 21. Ng3 Bh8 $2 (21... Nd7 $16) 22. Re1 Nd7 {[#]} 23. Rxe6 $1 {[%mdl 512]} Rxe6 24. Bxf5 {Schwarz muss nun Db3 beachten.} Rxd6 $2 (24... Nf8 25. Qb3 Rae8) 25. cxd6 ({Nicht} 25. Qxd6 Qxd6 26. cxd6 Rd8 $18) 25... Nb6 (25... Nf8 $142 26. Bd3 Bg7 27. Qb3+ Kh8 28. Qxb7 Re8 29. Qxc6 Rb8) 26. Qh5 h6 27. Re1 {zielt auf Te8+ ab.} Qxd6 28. Be6+ Kh7 29. Qf7+ Bg7 30. Bf5+ Kh8 31. Re6 (31. Nh5 $142 Qf8 32. Qg6 Qg8 33. Nf6 Nd7 34. Nxg8 Nf8 35. Qf7 Rd8 36. Ne7) 31... Rf8 {Precision: Weiß = 81%, Schwarz = 25%.} 1-0

[Event "World Junior U20 Open 2018"]
[Site "Gebze"]
[Date "2018.09.10"]
[Round "6.28"]
[White "Krishna Teja, N."]
[Black "Haldorsen, Benjamin"]
[Result "0-1"]
[WhiteElo "2356"]
[BlackElo "2461"]
[Annotator "TA"]
[PlyCount "63"]
[EventDate "2018.09.05"]
[EventType "swiss"]
[EventCountry "TUR"]
[SourceTitle "playchess.com"]
[Source "ChessBase"]
[SourceQuality "1"]

{[%evp 25,63,22,14,0,4,7,11,13,16,8,12,14,23,24,29,-17,-17,-10,-16,-43,-49,-47,-37,-39,-41,-160,-166,-261,-106,-147,-117,-225,-223,-562,-547,-685,-665,-766,-598,-745]} 1. d4 d5 2. c4 e6 3. Nf3 Nf6 4. Bg5 Be7 5. e3 h6 6. Bh4 O-O 7. Nc3 b6 8. Bd3 Bb7 9. O-O Nbd7 10. Rc1 c5 11. cxd5 Nxd5 12. Bg3 cxd4 {D58: Damengambit (Tartakower-Variante)} 13. Nxd5 Bxd5 {LiveBook: 15 Partien} 14. Nxd4 Nc5 {Die Stellung ist ausgeglichen.} 15. Bb1 Rc8 {[#]} 16. Qg4 $146 ({Vorgänger:} 16. f3 a5 17. Qe2 Bh4 18. Rfd1 Bxg3 19. hxg3 Qc7 20. Kf2 {0-1 (39) Jianu,V (2545)-Radovanovic,J (2299) Tivat 2011}) 16... f5 17. Qe2 Qd7 18. Rfd1 a5 19. f3 Qb7 20. e4 (20. Be5 {is more complex.} Bh4 21. Rc3 a4 22. a3 Rfd8 23. Bc2) 20... fxe4 21. fxe4 Nxe4 {[#] ...Txc1 ist eine echte Drohung.} 22. Bxe4 Rxc1 23. Rxc1 Bxe4 24. Nxe6 {Und weiter mit Tc7 wäre nett.} Rf7 25. Qb5 ({Günstiger ist} 25. Rd1 $15) 25... Kh7 $17 26. Qh5 (26. b3 $142) 26... Bg6 (26... Bxg2 $19 {und Schwarz behält klar die Oberhand. Droht stark ...Lf3.} 27. Qe2 (27. Qxf7 $2 {verliert.} Bc5+ 28. Nxc5 Qxf7 $19) 27... Bh3) 27. Qe5 Bf6 28. Qe2 {[#]} (28. Qb5 $17) 28... Qd5 $1 $19 29. Rc8 $2 (29. Nf4 {leistet mehr Widerstand.} Qd4+ 30. Kh1 Qxb2 31. Qxb2 Bxb2 32. Re1) 29... Bf5 {Schwarz steht klar auf Gewinn.} 30. Re8 Bxe6 31. Bf2 Bf5 32. h4 {Precision: Weiß = 27%, Schwarz = 68%.} 0-1

[Event "World Junior U20 Open 2018"]
[Site "Gebze"]
[Date "2018.09.10"]
[Round "6.29"]
[White "Lee, Jun Hyeok"]
[Black "Morozov, Nichita"]
[Result "1/2-1/2"]
[WhiteElo "2263"]
[BlackElo "2452"]
[Annotator "TA"]
[PlyCount "80"]
[EventDate "2018.09.05"]
[EventType "swiss"]
[EventCountry "TUR"]
[SourceTitle "playchess.com"]
[Source "ChessBase"]
[SourceQuality "1"]

{[%evp 21,80,3,20,8,29,26,71,24,29,19,20,22,35,22,20,18,18,22,27,10,10,8,10,13,9,9,15,0,0,8,11,6,24,20,41,7,26,14,47,22,50,10,66,0,65,0,67,63,78,59,55,0,0,0,0,0,0,0,0,0,0]} 1. Nf3 Nf6 2. c4 e6 3. g3 d5 4. Bg2 Be7 5. O-O O-O 6. b3 b6 7. Bb2 Bb7 8. e3 c5 9. Nc3 Ne4 {A14: English Opening: 1...e6 with b3 by White} (9... dxc4 10. bxc4 Nc6 11. Qe2 Rc8 12. Ne1 Qd7 13. f4 Rfd8 14. Rd1 Na5 15. Bxb7 Qxb7 16. d3 a6 17. a4 Ne8 18. f5 Bf6 19. fxe6 fxe6 {0-1 (49) Giri,A (2771)-So,W (2812) Stavanger 2017}) 10. cxd5 Nxc3 11. Bxc3 Bxd5 {LiveBook: 3 Games} 12. Qe2 Bf6 13. Rfd1 $146 ({Predecessor:} 13. e4 Bb7 14. Rfd1 Nc6 15. e5 Be7 16. d4 cxd4 17. Nxd4 Nxd4 18. Rxd4 {½-½ (40) Mista,A (2576)-Ovsejevitsch,S (2569) Polanica Zdroj 2013}) 13... Bb7 14. d4 {White wants to play dxc5.} Nd7 15. dxc5 Bxc3 16. Rac1 Qe7 17. c6 Bxc6 {[#] And now ...Rac8 would win.} 18. Rxc3 Rac8 {...Bxf3 is the strong threat.} 19. Qc2 Nc5 20. Ne5 Bxg2 21. Kxg2 Qb7+ 22. f3 f6 23. Nc4 Qe7 24. Nxb6 axb6 25. b4 Rc7 {[#] aiming for ...Na6.} 26. bxc5 bxc5 27. a4 Ra8 28. Rd4 Ra5 29. Rdc4 $36 {[%mdl 2048] White has good play.} g6 30. e4 Kg7 31. Rd3 (31. e5 $5 {[%cal Re5f6]}) 31... Raa7 (31... e5 $11) 32. Rdc3 {[%cal Rc4c5]} Ra5 $1 33. Rd3 (33. e5 $5) 33... Raa7 34. Qc3 Rd7 35. Rxd7 Qxd7 $16 {KQR-KQR} 36. e5 (36. a5 $14) 36... f5 $11 {The position is equal.} 37. a5 Rc7 38. Rxc5 Rxc5 39. Qxc5 {Hoping for Kh3.} Qd2+ 40. Kh3 {Threatens to win with Qe7+.} Qh6+ {Precision: White = 31%, Black = 49%.} 1/2-1/2

[Event "World Junior U20 Open 2018"]
[Site "Gebze"]
[Date "2018.09.10"]
[Round "6.30"]
[White "Makhnev, Denis"]
[Black "Ozen, Bahadir"]
[Result "0-1"]
[WhiteElo "2449"]
[BlackElo "2326"]
[Annotator "TA"]
[PlyCount "78"]
[EventDate "2018.09.05"]
[EventType "swiss"]
[EventCountry "TUR"]
[SourceTitle "playchess.com"]
[Source "ChessBase"]
[SourceQuality "1"]

{[%evp 13,78,0,13,-14,0,-45,-41,-43,-37,-33,-27,-29,-34,-52,-51,-50,-50,-62,-43,-37,-35,-80,-87,-180,-182,-232,-88,-106,-98,-95,-58,-82,-77,-81,-64,-58,-23,-37,-53,-41,-20,-99,-58,-147,-145,-159,-166,-170,-165,-341,-335,-406,-409,-409,-396,-408,-394,-397,-385,-466,0,-141,0,-481,-481,-545,-551]} 1. d4 d5 2. Nf3 Nf6 3. c4 e6 4. Nc3 Be7 5. Bf4 O-O 6. e3 Nbd7 7. Qc2 c5 8. cxd5 {And now d6 would win. D37: Queen's Gambit Declined: 5 Bf4} (8. Rd1 {feels hotter.} cxd4 9. Rxd4 Qa5 10. Bg3 b5 11. cxb5 Bb7 12. Be2) (8. Rd1 cxd4 9. Rxd4 Qa5 10. Bg3 Nb6 11. Nd2 dxc4 12. Bxc4 Nxc4 13. Nxc4 Qa6 14. O-O Rd8 15. Rxd8+ Bxd8 {½-½ (40) Mamedyarov,S (2814)-Giri,A (2777) Shamkir 2018}) 8... cxd4 9. d6 (9. exd4 $5 {[%cal Rd5d6]} Nxd5 10. Nxd5 exd5 11. Bd3 $11) 9... dxc3 10. bxc3 {[#]Black is slightly better.} e5 $1 11. dxe7 (11. Nxe5 Nxe5) 11... Qxe7 12. Bg3 b6 $146 ({Predecessor:} 12... Qc5 13. Rb1 a6 14. Be2 b6 15. O-O Bb7 {1-0 (39) Kempinski,R (2528)-Krainski,A (2271) Bydgoszcz 2000}) 13. Be2 Bb7 14. O-O Ne4 15. Rfd1 f6 16. Qb3+ Kh8 17. a4 Rac8 18. Rac1 (18. Qa3 $17 {was necessary.} Qxa3 19. Rxa3) 18... Ndc5 $19 19. Qa3 Qe6 (19... f5 $1 $19 20. Qb4 f4 21. exf4 Nxg3 22. hxg3 exf4) 20. c4 a5 21. Nd2 Nxg3 22. hxg3 Qc6 {[%csl Gb7][%cal Rc6g2]} 23. Bf3 e4 $1 {[%cal Re4f3]} 24. Be2 Qxa4 25. Qb2 $1 Qc6 $36 {[%mdl 2048] Black has the initiative.} 26. Rb1 Na4 27. Qb3 (27. Qa1 $11 {keeps the balance.}) 27... Ba8 28. c5 (28. Qa3 $15) 28... Nxc5 $17 29. Qxb6 Qxb6 30. Rxb6 {[#]} Na4 $1 {[%cal Ra4b6]} 31. Ra6 $2 (31. Rd6) 31... Rc2 $19 32. Rd6 Nc3 $1 {[%csl LRd1,LRe2]} 33. Re1 Bd5 34. Ba6 Rxd2 35. Rc1 {[#]} Na2 $1 {[%cal Ra2c1]} 36. Ra1 Nc3 $2 (36... g6 $19 {and Black stays clearly on top. aiming for ...a4.} 37. Rd7 a4) 37. Rc1 $1 $17 Na2 $2 {[%mdl 8192]} (37... Nd1 $17 38. Rc5 Nxf2 39. Rdxd5 Rxd5 40. Rxd5 Ng4) 38. Ra1 $19 g6 39. Bc4 Nc3 {Precision: White = 33%, Black = 60%.} (39... Bxc4 $2 40. Rxd2 Nb4 41. Rxa5 $17) 0-1

[Event "World Junior U20 Open 2018"]
[Site "Gebze"]
[Date "2018.09.10"]
[Round "6.31"]
[White "Pang, Tao"]
[Black "Mohammad Nubairshah Shaikh"]
[Result "1/2-1/2"]
[WhiteElo "2290"]
[BlackElo "2443"]
[Annotator "TA"]
[PlyCount "78"]
[EventDate "2018.09.05"]
[EventType "swiss"]
[EventCountry "TUR"]
[SourceTitle "playchess.com"]
[Source "ChessBase"]
[SourceQuality "1"]

{[%evp 19,78,9,17,13,26,0,6,0,0,0,0,0,0,0,0,0,0,0,0,-7,0,-2,0,0,0,0,0,0,0,6,6,0,0,0,14,14,14,0,14,0,0,0,6,6,6,0,0,0,0,0,0,0,0,0,0,0,0,0,0,0,0]} 1. Nf3 Nf6 2. c4 g6 3. Nc3 d5 4. cxd5 Nxd5 5. Qa4+ Nc6 6. Ne5 Qd6 {A16: Englische Eröffnung} 7. Nxc6 Qxc6 8. Qxc6+ bxc6 9. g3 Bg7 10. Bg2 Be6 {LiveBook: 50 Partien} 11. b3 O-O-O (11... O-O 12. Bb2 Nb4 13. O-O Rfd8 14. d3 {½-½ (21) Ali Marandi,C (2540)-Abasov,N (2623) Ankara 2018}) 12. Bb2 {Sxd5 ist eine echte Drohung.} (12. Bxd5 $5 cxd5 13. Bb2 $11) 12... Nxc3 $1 {Die Stellung ist ausgeglichen.} 13. Bxc3 Bxc3 14. dxc3 c5 $146 15. Rd1 Rd6 16. Rxd6 cxd6 $11 {[%mdl 4096] Endspiel KTL-KTL} 17. Kd2 Kc7 18. c4 a5 {[%cal Ba7a5,Ba5a4,Ba4a3][%mdl 32]} 19. Kc3 Rb8 20. h4 h5 21. Rd1 a4 22. Rb1 Rb4 {Droht stark ...Lxc4!} 23. Rb2 a3 24. Rd2 Bd7 25. e3 Rb8 26. Rd1 e6 27. Rb1 Rb4 28. Rd1 Bc6 29. Bxc6 (29. Bf1 {with more complications.} Bf3 30. Rd4 Bc6 31. Be2 Kd7 32. Rd1) 29... Kxc6 {KT-KT} 30. e4 {[%cal Be3e4,Be4e5][%mdl 32]} f5 31. Re1 {Droht exf5 und aus.} Kd7 32. e5 d5 33. Rd1 Kc6 34. f4 Rb8 35. Rd2 Rb7 36. Rd3 Rb8 37. Rd2 Rb6 38. Rd3 Rb4 39. Rd1 dxc4 {Precision: Weiß = 85%, Schwarz = 86%.} 1/2-1/2

[Event "World Junior U20 Open 2018"]
[Site "Gebze"]
[Date "2018.09.10"]
[Round "6.32"]
[White "Haria, Ravi"]
[Black "Amartuvshin, Ganzorig"]
[Result "1-0"]
[WhiteElo "2442"]
[BlackElo "2280"]
[Annotator "TA"]
[PlyCount "105"]
[EventDate "2018.09.05"]
[EventType "swiss"]
[EventCountry "TUR"]
[SourceTitle "playchess.com"]
[Source "ChessBase"]
[SourceQuality "1"]

{[%evp 21,105,0,0,0,16,0,0,0,0,-12,-8,-15,-10,-21,-18,-14,13,13,11,0,0,0,14,13,35,18,53,27,42,35,130,64,70,66,72,56,51,23,17,23,17,29,11,22,36,-25,-7,-33,-31,-22,21,0,122,88,93,0,0,0,135,131,128,59,70,66,51,53,641,604,774,828,1527,1127,29977,29978,29978,29979,29979,29980,29980,29981,29981,29982,29982,29983,29983,29984]} 1. e4 c5 2. Nf3 e6 3. d4 cxd4 4. Nxd4 Nc6 5. Nc3 a6 6. Nxc6 bxc6 7. Bd3 d5 8. O-O Nf6 9. Re1 Be7 10. e5 Nd7 11. Qg4 Kf8 12. b3 {B46: Sicilian: Taimanov: 5 Nc3 a6} (12. Na4 Qa5 13. Re2 h5 14. Qf4 g5 15. Bd2 gxf4 16. Bxa5 h4 17. Bd2 Bg5 18. f3 a5 19. Rae1 Rh5 {½-½ (43) Yu,Y (2743)-Grachev,B (2645) Antalya 2017}) 12... c5 13. Na4 Bb7 14. c4 {The position is equal.} d4 15. Qh5 Kg8 16. Nb2 g6 17. Qh6 Bf8 18. Qh3 {[#]} Bg7 $146 ({Predecessor:} 18... h5 19. Bc2 Bg7 {0-1 (51) Urazayev,A (2303)-Sivuk,V (2526) Astana 2018}) 19. f4 h5 20. Bc2 a5 21. Bd2 Qe7 22. Nd3 Bh6 23. Re2 Kg7 24. Be1 a4 25. bxa4 Bc6 ({Black should play} 25... Nb6 $14) 26. a5 (26. Bh4 $1 $16 {[%cal Rh4e7]} Qf8 27. Rb1) 26... Rhb8 $14 27. Bd2 Qd8 28. Nf2 Rb2 29. Bc1 Rb4 30. Bd3 Rxa5 31. g4 ({Much weaker is} 31. Bd2 Ra3 $15) 31... hxg4 $1 32. Nxg4 Qh8 33. Qg3 (33. Bxg6 $14 fxg6 34. Nxh6 Qxh6 35. Qxe6) 33... Rb3 $11 34. Rb1 Rxb1 35. Bxb1 Kg8 36. h4 Bg7 {[#]} (36... Kf8 $1 $11) 37. h5 $1 $16 {[%cal Rh5h6][%mdl 512]} gxh5 ({Wrong is} 37... Qxh5 $2 38. Rh2 $18) 38. Rh2 (38. Nf6+ $1 $16 Kf8 39. Nxd7+ Bxd7 40. Qb3) 38... Kf8 $1 $11 {[%cal Rf8e8]} 39. Qh4 {[%cal Rh4d8]} Ke8 (39... Ra8 $11 {remains equal.}) 40. Qg5 $16 Bf8 {[#]} 41. Rxh5 ({Better is} 41. Nf6+ $1 $16 Nxf6 42. exf6) 41... Qg7 $14 42. Rh7 $1 $36 {[%cal Rh7g7][%mdl 2048] White is pushing.} Qxg5 43. fxg5 {[#]} Ra4 $2 {[%mdl 8192]} (43... d3 $1 $14 {[%mdl 512]}) 44. g6 $18 fxg6 45. Bg5 {[%cal Rb1g6]} Bg7 46. Rxg7 Kf8 47. Rh7 {White mates.} Ra3 48. Kh2 d3 49. Nf6 Nxf6 50. exf6 Be8 51. Bh6+ Kg8 52. Rg7+ Kh8 53. Re7 {Precision: White = 49%, Black = 46%.} 1-0

[Event "World Junior U20 Open 2018"]
[Site "Gebze"]
[Date "2018.09.10"]
[Round "6.33"]
[White "Repka, Christopher"]
[Black "Thilakarathne, G M H"]
[Result "1-0"]
[WhiteElo "2523"]
[BlackElo "2238"]
[Annotator "TA"]
[PlyCount "119"]
[EventDate "2018.09.05"]
[EventType "swiss"]
[EventCountry "TUR"]
[SourceTitle "playchess.com"]
[Source "ChessBase"]
[SourceQuality "1"]

{[%evp 9,119,0,8,11,15,0,16,5,13,0,6,2,20,26,16,21,25,11,11,10,7,12,19,0,8,-22,-27,-30,-17,-26,-23,-18,-20,-24,0,-57,-50,-83,-91,-88,-62,-72,-63,-68,-50,-74,0,-74,0,-69,0,-87,-74,-67,-19,-71,-47,-40,-56,-39,41,35,177,179,222,222,222,222,222,222,222,222,222,218,222,216,275,314,326,315,317,319,304,292,566,550,588,588,572,547,560,568,588,588,588,588,588,588,672,670,795,785,981,949,905,834,5704,1072,4918,4926,6590,6456]} 1. g3 c5 2. c4 Nc6 3. Nc3 g6 4. h4 (4. Bg2 Bg7 5. Nf3 e6 6. d4 cxd4 7. Nb5 d5 8. cxd5 Qa5+ 9. Nd2 exd5 10. Nd6+ Kf8 11. Nxc8 Rxc8 12. O-O Nge7 13. Nf3 h6 14. h4 Bf6 15. Bd2 Qb6 16. b4 Kg7 17. Rb1 {½-½ (40) Grischuk,A (2766)-So,W (2778) Paris 2018}) 4... h5 5. Bg2 Bg7 {LiveBook: 5 Partien} 6. Nh3 {A36: Englische Eröffnung (Botwinnik-Variante)} Nh6 7. Nf4 d6 $146 ({Vorgänger:} 7... Nf5 8. a3 d6 9. d3 Qd7 10. Rb1 b6 11. Ne4 Bb7 12. b4 Rb8 13. Bb2 Ne5 14. O-O O-O {½-½ (14) Vassallo Barroche,M (2442)-Levin,F (2507) Llucmajor 2013}) 8. a3 {Die Stellung ist ausgeglichen.} O-O 9. Rb1 Ng4 10. d3 Bd7 11. Bd2 Rb8 12. b4 b6 13. b5 Nd4 14. a4 Bc8 15. O-O Bb7 16. Ne4 e6 17. Bc3 d5 18. cxd5 e5 19. Nh3 Bxd5 20. e3 Nf5 21. Qe2 Qe7 22. Bf3 (22. Nd2 $11 Ngxe3 23. fxe3 Nxg3 24. Qf2 Nxf1 25. Bxd5) 22... Rbd8 $15 23. Nhg5 f6 24. Nh3 Be6 25. Rfd1 Qd7 26. Bg2 Ngh6 27. Qf1 Ng4 28. Qe2 Ngh6 (28... Bh6 $17) 29. Kh2 (29. Qf1 $1 $11) 29... Ng4+ (29... Qf7 $15) 30. Kh1 (30. Kg1 $1 $11 {bleibt in der Remisbreite.}) 30... Bd5 31. Kg1 Qb7 32. Bd2 {[#]} (32. Nxc5 $1 $11 bxc5 33. e4) 32... c4 $1 {[%mdl 512]} 33. Bb4 (33. dxc4 Bxe4) 33... Rfe8 $1 34. Rbc1 cxd3 ({Besser ist} 34... Kh8 $15) 35. Qxd3 $14 {Droht stark Ld6!} Bh6 (35... Qa8 $1 $14) 36. Nd6 $18 Rxd6 37. Bxd5+ Rxd5 38. Qxd5+ Qxd5 39. Rxd5 {Schwarz muss nun Tc7 beachten.} Ngxe3 40. Rd7 {zielt auf Tc6 ab.} Nd5 41. Rc4 Nxb4 42. Rxb4 e4 43. Rc4 ({Weniger gut wäre} 43. Rxa7 e3 $16) 43... e3 44. fxe3 Bxe3+ {[#]} 45. Kh2 $1 Bc5 {Und ...Te2+ würde nun gewinnen.} 46. Nf4 Re1 $2 (46... Re7 {war nötig.} 47. Rxe7 Nxe7) 47. Rxa7 {Weiß steht klar auf Gewinn.} Nd4 {[#]} 48. Rxc5 $1 {[%mdl 512]} bxc5 {[%mdl 4096] Endspiel KTS-KTS} 49. b6 Rb1 50. b7 Nc6 51. Ra8+ Kf7 52. Rc8 Rxb7 53. Rxc6 {KTS-KT} g5 54. Nxh5 Kg6 55. Nxf6 gxh4 56. Ne4+ Kh5 57. Rxc5+ Kg4 58. Nf6+ Kf3 59. Rf5+ Ke2 60. g4 {Precision: Weiß = 65%, Schwarz = 43%.} 1-0